Sports Quiz

Random Sports or College Quiz

Where'd he go to college Quiz Stats

 Plays Quiz not verified by Sporcle

Support Sporcle.
Go Orange.
Score 0/20 Timer 05:00
0 Plays Today
player school % Correct
Aaron Rodgers California
94.5%
Drew Brees Purdue
93.6%
Michael CrabtreeTexas Tech
92.7%
Jay CutlerVanderbilt
92.6%
Randy Moss Marshall
92.3%
Charles WoodsonMichigan
92%
Ray RiceRutgers
91.2%
Troy Polamalu Southern Carolina
89%
Calvin Johnson Georgia Tech
86.8%
Julius PeppersNorth Carolina
82.8%
player school % Correct
Brett FavreSouthern Miss
81.8%
Chris Johnson East Carolina
71.9%
Jamaal Charles Texas
68.1%
Antonio GatesKent State
55.2%
DeMarcus WareTroy
55.2%
Champ Bailey Georgia
53.7%
Lee EvansWisconsin
50.8%
Derek Anderson Oregon State
43.3%
Donald Driver Alcorn St
17.1%
Nick Collins Bethune Cookman
7%

You're not logged in!

Compare scores with friends on all Sporcle quizzes.
OR
Log In

From the Vault

SNL Cast Hosts

by Hejman

Most jobs don't let you come back for a single-shift encore.
Remove Ads.
Support Sporcle.
Get the best of Sporcle when you Go Orange. This ad-free experience offers more features, more stats, and more fun while also helping to support Sporcle. Thank you for becoming a member.

Show Comments

Extras

Top Quizzes Today


Score Distribution

Your Account Isn't Verified!

In order to create a playlist on Sporcle, you need to verify the email address you used during registration. Go to your Sporcle Settings to finish the process.

Report this User

Report this user for behavior that violates our Community Guidelines.

Details: